| 000 | 0185022 4a22003854504500 | ||
|---|---|---|---|
| 003 | PE-LiUPU | ||
| 005 | 20251125171322.0 | ||
| 008 | 250226s2024 sp a o 000 0 spa d | ||
| 020 | _a9788410065604 | ||
| 035 | _aPE-LiUPU000005 | ||
| 040 |
_aPE-LiUPU _bspa _cPE-LiUPU _erda |
||
| 041 | 0 | _aspa | |
| 082 | 0 | 4 |
_a711.4 _bB673h _223 |
| 100 | 1 |
_aBofill Levi, Anna, _d1944- _eautor. |
|
| 245 | 1 | 0 |
_aHacia la ecomorfología : _bentre la utopía y la realidad / _cAnna Bofill. |
| 250 | _aPrimera edición. | ||
| 264 | 1 |
_aMadrid : _bEdiciones Asimétricas, _c2024. |
|
| 300 |
_a130 páginas : _bilustraciones ; _c23 cm |
||
| 336 |
_atexto _2rdacontent |
||
| 337 |
_aunmediated _2rdamedia |
||
| 338 |
_avolumen _2rdacarrier |
||
| 500 | _aIncluye prólogo de Ana Gilsanz. | ||
| 500 | _aColección Voces, Serie Arquitectura. | ||
| 504 | _aIncluye notas bibliográficas. | ||
| 505 | 0 | _aPrólogo / Ana Gilsanz -- Nota de la autora -- Presentación -- El fenómeno de la urbanización -- La ecomorfología, un modo de visualizar, analizar y proyectar el entorno -- La formación del tejido urbano -- La imagen -- Las características y cualidades de la forma -- Realidad y futuro -- Notas. | |
| 520 | _aEnsayo escrito entre 1971 y 1973 que desarrolla la ecomorfología como disciplina para estudiar la forma del entorno construido y sus relaciones con la habitabilidad, proponiendo una metodología de análisis y diseño urbano desde una perspectiva integradora, crítica y democrática. | ||
| 546 | _aTexto en español. | ||
| 650 | 1 | 4 |
_aUrbanismo _xTeoría |
| 650 | 2 | 4 |
_aDiseño urbano _xAspectos sociales _97647 |
| 650 | 2 | 4 |
_aMorfología urbana _97648 |
| 700 | 1 |
_aGilsanz, Ana, _eprologuista. |
|
| 710 | 2 |
_aEdiciones Asimétricas, _eeditor. |
|
| 942 |
_2ddc _cBK |
||
| 980 |
_618228 _aRebeca Esther Huerta Leyton _818226 _gJaime Vilcazán Jefe de Análisis Documental |
||
| 999 |
_c63160 _d63159 |
||